Представление документа в формате MARC21

ПолеНазваниеЗначение
  Тип записи a
  Библиографический уровень m
001 Контрольный номер RU\infra-m\znanium\bibl\2235035
005 Дата корректировки 20260429142133.1
008 Кодируемые данные 260120s2025 RU g rus u
020 Индекс ISBN __
a ISBN 978-5-00139-053-4
040 Источник каталогиз. __
a Служба первич. каталог. Общество с ограниченной ответственностью «ЗНАНИУМ»
041 Код языка издания __
a Код языка текста rus
044 Код страны публикации __
a Код страны публикации RU
080 Индекс УДК __
a Индекс УДК 52
080 Индекс УДК __
a Индекс УДК 58
084 Индекс другой классификации/Индекс ББК __
2 Источник индекса rubbk
a Индекс другой классификации/Индекс ББК 226
084 Индекс другой классификации/Индекс ББК __
2 Источник индекса okso
a Индекс другой классификации/Индекс ББК 24.05.03
084 Индекс другой классификации/Индекс ББК __
2 Источник индекса okso
a Индекс другой классификации/Индекс ББК 24.05.06
100 Автор __
a Автор Каку М.
q Полное имя Каку Митио
245 Заглавие __
a Заглавие Будущее человечества: Колонизация Марса, путешествия к звездам и обретение бессмертия
b Продолж. заглавия Научно-популярная литература
250 Сведения об издании __
a Основные сведения об издании 1
260 Выходные данные __
a Место издания Москва
b Издательство ООО "Альпина нон-фикшн"
c Дата издания 2026
300 Физическое описание __
a Объем 464 с.
520 Аннотация __
a Аннотация Рано или поздно людям придется искать и осваивать пригодные для жизни миры за пределами Земли. Новая книга Митио Каку — одна из первых попыток составить «дорожную карту» грядущего величайшего переселения в истории человечества. Автор — известный популяризатор науки — рассматривает историю вопроса технические аспекты и варианты будущей колонизации космоса пишет о задачах пока еще не имеющих решения — от колонизации Марса и строительства заправочных станций на кометах облака Оорта до сверхсветовых перелетов по Галактике встречи с инопланетным разумом и обретения бессмертия как условия освоения Вселенной. Эти идеи будоражат общество ими увлечены Илон Маск Джефф Безос Сергей Брин и другие капитаны новых технологий инвестирующие в решение проблем близкого и отдаленного будущего. И несомненно их можно рассматривать как неотъемлемую часть современного мировоззрения в формирование которого Митио Каку вносит ценный вклад.
521 Примеч. о цел. назн. __
a Примеч. о целев. назн. Дополнительное образование
650 Тематические рубрики __
a Основная рубрика Физико-математические науки
x Основная подрубрика Астрономия
655 Указ. предметных рубрик (устаревшее) __
a Жанр/ форма (устаревшее) Научно-популярная литература
856 Электронный адрес документа 4_
a Имя сервера/домена znanium.ru
m Помощь ebs_support@infra-m.ru
n Местонахождение сервера НИЦ ИНФРА-М
u URL https://znanium.ru/catalog/document?id=473432
856 Электронный адрес документа 48
a Имя сервера/домена znanium.ru
d Путь /cover/2235
f Электронное имя 2235035.jpg
q Тип электронного формата image/jpeg
u URL https://znanium.ru/cover/2235/2235035.jpg
911 __
u 0030=https://znanium.ru/catalog/document?id=473432